Allgemeinwissen (Nr. 5) - Statistiken

Allgemein
  • Dieses Quiz wurde 94 mal gespielt
  • Das Durchschnittsergebnis liegt bei 11 aus 20
Antwortstatistiken
Frage Antwort % Korrekt
Welche getrocknete Frucht gehört ursprünglich in ein Studentenfutter? Rosine
93%
Welche Art von Stift dient zum Hervorheben von Begriffen in Texten und gibt es in verschiedenen leuchtenden Neonfarben? Textmarker
89%
Welches flüssige Gewürz hat den Werbeslogan "Das gewisse Tröpfchen Etwas"? Maggi
82%
Wie heißt der zweithöchste Berg der Welt? K2
80%
Auf welcher Social-Media-Plattform gibt es Reels und Stories? Instagram
79%
Die Band The Beatles bestand aus John Lennon, Paul McCartney, George Harrison und...? Ringo Starr
75%
Wer schuf den Indianerhelden Winnetou? Karl May
70%
Wie heißt die Firma, welche die bekannten Kuscheltiere mit Knopf im Ohr herstellt? Steiff
70%
Wie heißt die Hauptstadt von Neuseeland? Wellington
68%
In welcher Gesangs-Castingshow gibt es die sogenannten Coaches, rote Buzzer und sich drehende Stühle? The Voice
67%
Welche deutsche Stadt hat die Stadtteile Zuffenhausen und Untertürkheim? Stuttgart
58%
Wie heißt der Sohn des Kopfgeldjägers Jango Fett in Star Wars? Boba
49%
Worauf reitet man, wenn man Hobby-Horsing betreibt? Steckenpferd
45%
Mauve ist ein Ton welcher Farbe? Violett
45%
Welcher italienische Tennisspieler gewann 2025 das Tennisturnier Wimbledon? Jannik Sinner
37%
Wie heißt das Unternehmen, welches hinter der bekannten KI ChatGPT steckt? OpenAI
36%
Welches chinesische Wort für "Bohnenkäse" ist inzwischen auch in der deutschen Sprache heimisch geworden? Tofu
30%
Bei welcher Quizshow müssen die Kandidaten Fragen auf vorgegebene Antworten erfinden? Jeopardy
23%
Welcher bekannte Künstler erlangte Berühmtheit durch Songs wie "I Wonder" oder "Runaway" und sorgte mit u.a. rechtsextremistischen Social-Media-Posts für große mediale Aufmerksamkeit? Kanye West
23%
Wie heißt das Turngerät aus 2 Stahlrohrreifen, die durch Querstäbe verbunden sind? Rhönrad
23%
Keine übereinstimmenden Quizze gefunden
Verteilung der Resultate
Anzahl Personen mit jedem Resultat
Perzentil nach korrekt beantworteten Fragen
Ihre Resultats-Entwicklung
Sie haben dieses Quiz noch nicht gespielt